<?xml version="1.0" encoding="UTF-8"?>
<collection xmlns="http://www.loc.gov/MARC21/slim">
  <record>
    <leader>00000nam  2200000   4500</leader>
    <controlfield tag="001">INLIS000000000017231</controlfield>
    <controlfield tag="005">20240830105142</controlfield>
    <datafield tag="035" ind1="#" ind2="#">
      <subfield code="a">0010-0624000134</subfield>
    </datafield>
    <controlfield tag="007">ta</controlfield>
    <controlfield tag="008">240830################|##########|#|##</controlfield>
    <datafield tag="084" ind1="#" ind2="#">
      <subfield code="a">R 013 PKA  2023</subfield>
    </datafield>
    <datafield tag="100" ind1=" " ind2="#">
      <subfield code="a">Muhammad Teddy Nuh</subfield>
    </datafield>
    <datafield tag="245" ind1="1" ind2="#">
      <subfield code="a">Pengembangan Aplikasi Easy 2.0 Sebagai Bentuk Peningkatan Transparansi dan Akuntabilitas Pada Pelayanan Publik Sektor Perizinan di DPMPTSP Kota Batam /</subfield>
      <subfield code="c">Muhammad Teddy Nuh</subfield>
    </datafield>
    <datafield tag="260" ind1="#" ind2="#">
      <subfield code="a">Jakarta :</subfield>
      <subfield code="b">Pusbangkom Pimnas dan Manajerial ASN,</subfield>
      <subfield code="c">2023</subfield>
    </datafield>
    <datafield tag="300" ind1="#" ind2="#">
      <subfield code="a">70 halaman ;</subfield>
      <subfield code="c">30 cm</subfield>
    </datafield>
    <datafield tag="650" ind1="#" ind2="4">
      <subfield code="a">Pelayanan Publik</subfield>
    </datafield>
    <datafield tag="520" ind1="#" ind2="#">
      <subfield code="a">Transparansi dan akuntabilitas adalah kunci dalam upaya pemberantasan korupsi. Dengan mengungkapkan informasi secara terbuka dan membangun mekanisme pengawasan yang kuat, pelayanan publik menjadi lebih terbuka terhadap pengawasan publik dan potensi penyalahgunaan kekuasaan atau penyelewengan dana publik dapat diminimalisir. Dalam pengelolaan perizinan penggunaan aplikasi sangat membantu dan mempermudah. DPMPTSP kota Batam telah mempunyai Aplikasi pengelolaan perizinan yang dinamakan Aplikasi Easy, namun dalam proses pengelolaan perizinannya masih perlu adanya pengembangan seperti peningkatan transparansi dan akuntabilitas.</subfield>
    </datafield>
    <datafield tag="856" ind1="#" ind2="#">
      <subfield code="a">Perpustakaan LAN Pusat</subfield>
    </datafield>
    <datafield tag="990" ind1="#" ind2="#">
      <subfield code="a">24.06.013</subfield>
    </datafield>
  </record>
</collection>
